Tự học máy vi tính

Shranjeno v:
Bibliografske podrobnosti
Glavni avtor: Nguyễn Xuân Quỳnh
Format: Knjiga
Jezik:Undetermined
Izdano: Hà Nội KHKT 1995
Teme:
Oznake: Označite
Brez oznak, prvi označite!
Thư viện lưu trữ: Trung tâm Học liệu Trường Đại học Cần Thơ
LEADER 00460nam a2200169Ia 4500
001 CTU_27010
008 210402s9999 xx 000 0 und d
082 |a 004 
082 |b Qu609 
100 |a Nguyễn Xuân Quỳnh 
245 0 |a Tự học máy vi tính 
245 0 |c Nguyễn Xuân Quỳnh 
260 |a Hà Nội 
260 |b KHKT 
260 |c 1995 
650 |a computer science 
980 |a Trung tâm Học liệu Trường Đại học Cần Thơ